000 00850nab a2200253 u 4500
001 19784
003 HDC
007 cr bn ---aaaaa
008 210302c20120709xx dr|noo 0 a eng d
040 _aHDC
245 0 _aSaudi Arabia: Saudis to finally get Halal home loans
260 _a[No place] :
_b[publisher not identified],
_c2012
300 _a1 online resource
336 _atext
_2rdacontent
337 _acomputer
_2rdamedia
338 _aonline resource
_2rdacarrier
650 _aHalal home loans
_zSaudi Arabia
_918078
650 _aIslamic finance and banking
_918079
710 _aHalal Focus
856 _zRequest full-text at [email protected]
942 _2lcc
942 _cNEWS
942 _kNWSO 006255
999 _c17100
_d17100